Sci-Fi Characters - Statistics

General Stats
  • This quiz has been taken 25,325 times
    18,329 since last reset
  • The average score is 17 of 26
Answer Stats
Clue Character % Correct
He used the force Luke Skywalker
96%
(spoiler alert) Father of ^ Darth Vader
95%
He phoned home E.T.
95%
Very short Jedi, he is Yoda
94%
Hasta la vista, baby The Terminator
91%
The most famous wookiee Chewbacca
90%
Robot who cleans up waste on abandoned Earth Wall-E
87%
Half-Vulcan Star Fleet officer Spock
84%
Original Enterprise captain Captain Kirk
80%
"Matrix" chosen one Neo
79%
He traveled in a TARDIS The Doctor
79%
Cyborg who patrols the streets of Detroit RoboCop
78%
Teenager friend of the above Marty McFly
76%
Next-gen Enterprise captain Captain Picard
63%
Girlfriend of the above EVE
59%
Never tell him the odds! Han Solo
59%
"Back to the Future" bully Biff Tannen
56%
Owner of a Delorean time machine Doc Brown
50%
Only survivor in "Alien" Ellen Ripley
50%
"Battlestar Galactica" pilot or coffee shop Starbuck
48%
Program who fights the above Agent Smith
44%
Bite his shiny metal you know what Bender
41%
Newer, liquid metal version of ^ T-1000
41%
Won't open the pod bay doors Hal 9000
37%
Marine who befriends the Na'vi of Pandora Jake Sully
25%
"Planet of the Apes" doctor who must keep humans in check Dr. Zaius
18%
No matching quizzes found
Score Distribution
Percent of People with Each Score
Percentile by Number Answered
Your Score History
You have not taken this quiz since the last reset